Normal view MARC view

Entry Nombre personal

Number of records used in: 1

001 - NÚMERO DE CONTROL

  • campo de control: 235036

003 - IDENTIFICADOR DE NÚMERO DE CONTROL

  • campo de control: SpMaBN

005 - FECHA Y HORA DE LA ÚLTIMA TRANSACCIÓN

  • campo de control: 20250808092701.0

008 - ELEMENTOS DE DATO DE LONGITUD-FIJA

  • campo de control de longitud fija: 070508n| aijnnaabn |a aaa

016 ## - NÚMERO DE CONTROL DE UNA AGENCIA BIBLIOGRÁFICA NACIONAL

  • Número de control del registro: BNE20071048351

024 7# - IDENTIFICADOR DE OTROS ESTÁNDARES

  • Número estándar o código: http://viaf.org/viaf/100926421/
  • Fuente: viaf

040 ## - FUENTE DE CATALOGACIÓN

  • Centro catalogador/agencia de origen: SpMaBN
  • Lengua de catalogación: spa
  • Centro/agencia transcriptor: SpMaBN
  • Normas de descripción: rdc
  • Convención/Normas de encabezamiento de materia/tesauro: embne

100 1# - ENCABEZAMIENTO-NOMBRE DE PERSONA

  • Nombre de persona: Muñoz Monge, Jesús María

375 ## - GÉNERO/SEXO

  • Género: Masculino

400 1# - TRAZADO DE VÉASE--NOMBRE DE PERSONA

  • Nombre de persona: Muñoz Monge

400 1# - TRAZADO DE VÉASE--NOMBRE DE PERSONA

  • Nombre de persona: Muñoz Monge, Jesús

670 ## - FUENTE DE DATOS ENCONTRADOS

  • Cita de la fuente: Otras Sorias, 2009
  • Información encontrada: port. (Jesús Mª Muñoz Monge) solapa (n. en Vinuesa, Soria; fotógrafo)

670 ## - FUENTE DE DATOS ENCONTRADOS

  • Cita de la fuente: Agua de luz, 2012
  • Información encontrada: port. (Muñoz Monge) p. [81] (natural de Vinuesa, soria; fotógrafo autodidacta)

670 ## - FUENTE DE DATOS ENCONTRADOS

  • Cita de la fuente: ¿Qué hora es?, 2017
  • Información encontrada: port. (Jesús Muñoz Monge)